000 005430000a22001930004500
003 LK-CoMWRAF
005 20231106111910.0
008 230817t1999 ||||| |||| 00| 0 eng d
020 _a9837203986
040 _aLK-CoMWRAF
_dLK-CoMWRAF
_eLK-CoMWRAF
041 _aeng
082 _a808.51
_bMEY
100 _aMeyer, Henry R.
245 _aShort-cuts to effective public speaking:
_ba quick-reference guide
260 _aKuala Lumpur:
_bGolden Books Centre,
_c1999
300 _a ii, 39 p. 24 cm.
650 _aPUBLIC SPEAKING
942 _cBK
999 _c2150
_d2150